| 000 | 00797nam a2200229 a 4500 | ||
|---|---|---|---|
| 008 | 120416s1970 ||||||||||||||||| || u | ||
| 020 | _a0563101555 | ||
| 050 | _aQP 355.2 Cal | ||
| 100 | _aCalder, Nigel | ||
| 245 | 1 | 4 | _aThe mind of man: an investigation into current research on the brain and human nature |
| 260 |
_aLondon: _bBritish Broadcasting Corporation _c1970 |
||
| 300 | _a288p. : ill. | ||
| 350 | _a0.00 | ||
| 500 | _aBibliography | ||
| 650 | _aMind and body | ||
| 650 | _aTHOUGHT AND THINKING | ||
| 650 | _aMental processes | ||
| 650 | _aBRAIN | ||
| 650 | 3 | _aPSYCHOLOGY | |
| 650 | _aPsychophysiology | ||
| 995 |
_D0.00 _FCBU-MAIN LIBRARY (Kitwe) _H1 _I2.25 _M1 _UAVAILABLE _WMar 22, 2007 _ZAnnex Low-Usage Collection |
||
| 999 |
_c51247 _d51247 |
||